| 000 | 01390cam a22002291 4500 | ||
|---|---|---|---|
| 001 | sa 68018998 | ||
| 003 | DLC | ||
| 005 | 20260227112716.0 | ||
| 008 | 860619s1968 io 000 0 eng | ||
| 010 | _asa 68018998 | ||
| 025 | _aPL480: Indo-7944 | ||
| 040 |
_aDLC _cDLC _dDLC |
||
| 043 | _aa-io--- | ||
| 050 | 0 | 0 |
_aJQ769 1968 _b.T68 |
| 245 | 0 | 0 | _aTowards a sound democratic mechanism. |
| 260 |
_a[Djakarta] _bDept. of Information, Republic of Indonesia _c[1968] |
||
| 300 |
_a1 v. (various pagings) _c33 cm. |
||
| 500 | _aCover title. | ||
| 505 | 0 | _aRefreshing of the Dewan Perwakilan Rakjat (House of Representatives).--Clarification by the Acting President concerning important national problems before the Working Committee of the House of Representatives.--Opening address by the Chairman of the Provisional People's Consultative Assembly, General Dr. A.H. Nasution, before its 5th general session.--Report and clarifications by Acting President General Soeharto to the 5th general session of the Provisional People's Consultative Assembly.--First address by General Soeharto before the 5th session of the Provisional People's Consultative Assembly, after his election as president.--Decree of the 5th general session of the Provisional People's Consultative Assembly. | |
| 651 | 0 |
_aIndonesia _xPolitics and government _y1966-1998. |
|
| 710 | 1 |
_aIndonesia. _bDepartemen Penerangan. |
|
| 999 |
_c88763 _d88763 |
||